| 000 | 00618nam a2200205Ia 4500 | ||
|---|---|---|---|
| 003 | OSt | ||
| 005 | 20250722111939.0 | ||
| 008 | 210210b1998 xxu||||| |||| 00| 0 eng d | ||
| 040 | _cAL | ||
| 041 | _aKannada | ||
| 082 | _aK894.9 CHAN | ||
| 100 |
_aCHANDRASHEKHARA NANGALI (V). _dಚಂದ್ರಶೇಖರ ನಂಗಲಿ(ವಿ) _9200555 |
||
| 245 |
_aNa Nilluvalalla _bನಾ ನಿಲ್ಲುವಳಲ್ಲ |
||
| 260 |
_aBengaluru _bKannada Sangha _c1998 |
||
| 300 | _axiv,252 | ||
| 650 |
_aSahitya Siddhanta Parampare _9200556 |
||
| 690 |
_aKannada Criticism _9200557 |
||
| 906 | _a053605 | ||
| 942 |
_2ddc _cBK |
||
| 999 |
_c101766 _d101766 |
||